000 00767nam a2200265Ia 4500
003 OSt
005 20220926021018.0
006 a|||||r|||| 00| 0
007 ta
008 220923b |||||||| |||| 00| 0 eng d
020 _a0312127391
037 _cGeneral Book
040 _aRTL
_cRTL
_beng
041 _2eng
_aeng
082 _aX0gY, N7.1
100 _aArrow Kenneth J
_9137716
245 0 _aSocial choice re-examined V 1
260 _aNew York
_bSt. Martin's Press USA
_c1997
300 _axvi, 212p
_ccm.
490 _aIndian Economic Association, Proceedings; V 16
500 _aBibliography chapterwise
650 _aEconomics - Sociology
_939773
942 _hX0gY, N7.1
_cGB
_2CC
999 _c635472
_d635472